000 01165cam a2200313 a 4500
999 _c27745
_d27745
001 16148818
003 OSt
005 20170210111729.0
008 100322s2011 wiua s000 0 eng c
010 _a 2010011570
020 _a9780299247805 (cloth : alk. paper)
020 _a9780299247836 (ebook)
040 _aWU/DLC
_cDLC
_dDLC
042 _apcc
043 _ae-gr---
050 0 0 _aND115.C63
_bA97 2011
082 0 0 _a738.3/8209385
_222
100 1 _aAvramidou, Amalia.
245 1 4 _aThe Codrus Painter :
_biconography and reception of Athenian vases in the age of Pericles /
_cAmalia Avramidou.
260 _aMadison, Wis :
_bThe University of Wisconsin Press,
_cc2011.
300 _a236 p. :
_bill. ;
_c29 cm.
490 1 _aWisconsin studies in classics
600 0 0 _aCodrus Painter.
650 0 _aVase-painting, Greek
_zGreece
_zAthens.
830 0 _aWisconsin studies in classics.
906 _a7
_bcbc
_corignew
_d1
_eecip
_f20
_gy-gencatlg
942 _2lcc
_cBOOKS
_hND 115 .C63A97 2011